[Event "Petrolina Cordioli Memorial op"]
[Site "Petrolina"]
[Date "2007.10.19"]
[Round "2"]
[White "Alves, Arthur Jose Barros"]
[Black "Marques, Eder Thiago Morgado"]
[Result "0-1"]
[WhiteElo "1800"]
[BlackElo "1736"]
[PlyCount "32"]
[EventDate "2007.10.09"]
[EventType "swiss"]
[EventRounds "7"]
[EventCountry "BRA"]
[SourceTitle "EXT 2022"]
[Source "ChessBase"]
[SourceDate "2021.10.06"]
[SourceVersion "1"]
[SourceVersionDate "2021.10.06"]
[SourceQuality "1"]

1. Nf3 Nc6 2. e3 e6 3. Bb5 Nge7 4. Nc3 a6 5. Be2 d5 6. Na4 Nf5 7. Bd3 e5 8. c3 e4 9. Bxe4 dxe4 10. Ng1 Bd6 11. Ne2 0-0 12. 0-0 Qh4 13. g3 Qh5 14. Kh1 Qf3+ 15. Kg1 Nh4 16. Qb3 Qg2# 0-1